[Event "Wolfsburg op-B"]
[Site "Wolfsburg"]
[Date "2024.11.17"]
[Round "5"]
[White "Wall, David"]
[Black "Matis, Paul"]
[Result "0-1"]
[WhiteElo "1702"]
[BlackElo "1862"]
[PlyCount "48"]
[EventDate "2024.11.15"]
[EventType "swiss"]
[EventRounds "5"]
[EventCountry "GER"]
[SourceTitle "CB49_2024"]
[SourceDate "2024.12.04"]
[SourceVersion "1"]
[SourceVersionDate "2024.12.04"]
[SourceQuality "1"]

1. e4 c5 2. Nc3 Nc6 3. g3 g6 4. Bg2 Bg7 5. d3 d6 6. Bd2 e5 7. Nge2 Nge7 8. 0-0 0-0 9. f4 Bd7 10. h3 a6 11. g4 f6 12. Qe1 b5 13. Qg3 Ra7 14. h4 Qc8 15. f5 Nd4 16. fxg6 Bxg4 17. gxh7+ Kxh7 18. Nxd4 cxd4 19. Nd5 Nxd5 20. exd5 f5 21. Rac1 Bf6 22. Bg5 Rg7 23. Qh2 Kg8 24. Kh1 Bxg5 0-1

[Event "Wolfsburg op-B"]
[Site "Wolfsburg"]
[Date "2024.11.16"]
[Round "2"]
[White "Rokh, Ahoora"]
[Black "Wall, David"]
[Result "1-0"]
[WhiteElo "1743"]
[BlackElo "1702"]
[PlyCount "71"]
[EventDate "2024.11.15"]
[EventType "swiss"]
[EventRounds "5"]
[EventCountry "GER"]
[SourceTitle "CB49_2024"]
[SourceDate "2024.12.04"]
[SourceVersion "1"]
[SourceVersionDate "2024.12.04"]
[SourceQuality "1"]

1. d4 Nf6 2. c4 e6 3. Nc3 Bb4 4. Nf3 b6 5. Bg5 h6 6. Bh4 Bb7 7. e3 0-0 8. Bd3 c5 9. 0-0 cxd4 10. exd4 Be7 11. Re1 d5 12. Rc1 Nbd7 13. Qe2 Rc8 14. Ne5 dxc4 15. Bxc4 Nxe5 16. dxe5 Nh7 17. Red1 Qc7 18. Nb5 Qc6 19. Bd5 Qxd5 20. Rxd5 Rxc1+ 21. Rd1 Rxd1+ 22. Qxd1 Bxh4 23. Nd6 Bd5 24. Qa4 Be7 25. Qxa7 Bxd6 26. exd6 Nf6 27. Qc7 Ra8 28. a3 b5 29. h3 b4 30. axb4 Ra1+ 31. Kh2 Rb1 32. Qc8+ Kh7 33. d7 Rxb2 34. d8Q Rxf2 35. Kg1 Rxg2+ 36. Kf1 1-0